Canto a Morelos

保存先:
書誌詳細
第一著者: López Bermúdez, José
フォーマット: 図書
言語:Undetermined
出版事項: México, Distrito Federal Morales Hnos. 1966
主題:
タグ: タグ追加
タグなし, このレコードへの初めてのタグを付けませんか!

MARC

LEADER 00000nam a2200000Ia 4500
008 170316s9999 xx 000 0 und d
040 |a cru BVZT 
090 |a 860 L-21c 
100 |a López Bermúdez, José 
245 |a Canto a Morelos 
260 |a México, Distrito Federal 
260 |b Morales Hnos. 
260 |c 1966 
300 |a 82 páginas 
650 |a LITERATURA LATINOAMERICANA 
999 |c 8872  |d 8872 
942 |c 15 D  |h 860 L-21c  |2 z